Introduction to special relativity
Wedi'i Gadw mewn:
| Prif Awdur: | |
|---|---|
| Fformat: | Llyfr |
| Iaith: | Saesneg |
| Cyhoeddwyd: |
Nueva York
McGraw Hill Book
1968
|
| Cyfres: | International Series in Pure and Applied Physics
|
| Pynciau: | |
| Tagiau: |
Ychwanegu Tag
Dim Tagiau, Byddwch y cyntaf i dagio'r cofnod hwn!
|
MARC
| LEADER | 00000nam a2200000 a 4500 | ||
|---|---|---|---|
| 001 | UCO1719 | ||
| 003 | CL-VaPUC | ||
| 008 | 000519e19680000US |||||||||||||||||eng|d | ||
| 082 | 0 | 4 | |a 530.11 |b SCH |2 21 |
| 100 | 0 | |a Schwartz, Herman M |e author |9 444184 | |
| 245 | 1 | 0 | |a Introduction to special relativity |
| 300 | |a 458 p | ||
| 942 | |c BK | ||
| 945 | |d 20000519 00:00:00 |a vberengu | ||
| 260 | |a Nueva York |b McGraw Hill Book |c 1968 | ||
| 650 | 0 | |a Mecánica cuántica |9 306806 | |
| 650 | 7 | |a RELATIVIDAD ESPECIAL |2 CL-VaPUC |9 320839 | |
| 583 | |a last modification |c 20160907 04:01:46 |k Rodrigo Vera | ||
| 490 | 0 | |a International Series in Pure and Applied Physics | |
| 999 | |c 288321 |d 288319 | ||
| 952 | |0 0 |1 0 |4 0 |6 530_110000000000000_SCH_1968 |7 0 |8 A |9 335911 |a BIBCUR |b BIBCUR |d 2019-11-20 |i 4544080 |o 530.11 SCH 1968 |p 4544080 |r 2025-04-22 |w 2019-11-20 |y BK |k FIS | ||